Ultieme Automerken quiz - Statistieken

Algemene statistieken
  • Deze quiz is 50 keer genomen
    26 sinds de laatste reset
  • De gemiddelde score is 53 van 131
Antwoordstatistieken
Foto Antwoord % Correct
Alfa romeo
83%
Audi
83%
BMW
83%
Ferrari
83%
Ford
83%
Mercedes
83%
Opel
83%
Peugeot
83%
Rolls-Royce
83%
Tesla
83%
Volkswagen
83%
Abarth
67%
AC
67%
Acura
67%
Aston martin
67%
Austin
67%
Bugatti
67%
Chevrolet
67%
Citroën
67%
Dacia
67%
Dodge / Ram
67%
DS
67%
Fiat
67%
Honda
67%
Hyundai
67%
Infiniti
67%
Jaguar
67%
Jeep
67%
Kia
67%
Lamborghini
67%
Land rover
67%
Lexus
67%
Mazda
67%
MG
67%
Mini
67%
Nissan
67%
Porsche
67%
Renault
67%
Rover
67%
Saab
67%
SEAT
67%
Skoda
67%
Subaru
67%
Suzuki
67%
Toyota
67%
Volvo
67%
Alpine
50%
Bentley
50%
Brabus
50%
Buick
50%
Cadillac
50%
Corvette
50%
Cupra
50%
Daewoo
50%
GMC
50%
Hummer
50%
koenigsegg
50%
KTM
50%
Lincoln
50%
Lotus
50%
Lynk & Co
50%
Maseratti
50%
Maybach
50%
Mclaren
50%
Mitsubishi
50%
Mustang
50%
Pagani
50%
Polestar
50%
Pontiac
50%
Shelby
50%
Smart
50%
Spyker
50%
Vauxhall
50%
BYD
33%
Daihatsu
33%
De Lorean
33%
Holden
33%
Lancia
33%
Lucid
33%
Nio
33%
Tata
33%
Aiways
17%
Apollo
17%
Autobianchi
17%
Caterham
17%
Chrysler
17%
Datsun
17%
DeTomaso
17%
Donkervoort
17%
Fisker
17%
Genesis
17%
Hennessy
17%
Isuzu
17%
Iveco
17%
Morgan
17%
Nobel
17%
Plymouth
17%
Rimac
17%
Scion
17%
SsangYong
17%
TVR
17%
Wiesmann
17%
Xpeng
17%
Zenos
17%
Zenvo
17%
Bitter
0%
Brabham
0%
Daimler
0%
Eagle
0%
Geely
0%
Hongqi
0%
Hudson
0%
Lada
0%
Landwind
0%
Leapmotors
0%
Lightyear
0%
Mahindra
0%
Marcos
0%
Mercury
0%
Oldsmobile
0%
Qoros
0%
Saturn
0%
SSC
0%
Talbot
0%
Think
0%
UAZ
0%
VinFast
0%
Westfield
0%
Wuling
0%
Zeekr
0%
Zimmer
0%
Geen overeenkomende quizzen gevonden
Scoreverdeling
Procent van Mensen met Elke Score
Percentiel versus Aantal Correcte Antwoorden
Uw Scoregeschiedenis
U heeft deze quiz nog niet genomen sinds de laatste reset